000 00514nam a22001577a 4500
020 _qHard Cover.
082 _a658
100 _aHameed, Asad Qureshi
245 _aOutsourcing Employees: Implication on Inducting & Managing the ALU Outsourced Employees
_cAsad Hameed Qureshi.
260 _aIslamabad:
_bNBS - NUST,
_c2015.
300 _a38 p. : ill. ;
_c30cm.
650 _aMBA Thesis.
_917629
700 _aDr. Asifa Obaid.
_918796
942 _2ddc
_cTHE
999 _c527498
_d527498